Street car R.P.O. service in Brooklyn and New York City (Record no. 2497)

000 -LEADER
fixed length control field 00428nam a22000977a 4500
008 - FIXED-LENGTH DATA ELEMENTS--GENERAL INFORMATION
fixed length control field 171002b xxu||||| |||| 00| 0 eng d
100 ## - MAIN ENTRY--AUTHOR'S NAME
Author's Name Price, John M.
245 ## - TITLE STATEMENT
Title Street car R.P.O. service in Brooklyn and New York City
260 ## - PUBLICATION, DISTRIBUTION, ETC. (IMPRINT)
Name of publisher, distributor, etc. Mobile Post Office Society
Date of publication, distribution, etc. 1979
650 ## - TOPICAL TERM (Tag)
Topical term or geographic name United States -- New York -- New York City -- Brooklyn | Street Car Mail | Mobile Post Offices | Transportation of Mail | Postal History | Postal Service
Holdings
Withdrawn status Lost status Source of classification or shelving scheme Damaged status Koha normalized classification for sorting Not for loan Permanent Location Current Location Shelving location Date acquired Total Checkouts Full call number Barcode Date last seen Copy number Price effective from Koha item type
        G3804 N48 P945   Northern Philatelic Library Northern Philatelic Library General Stacks 10/02/2017   G3804 N48 P945 1002997 10/02/2017 1 10/02/2017 Books

Powered by Koha